Rahsia haji : falsafah dan hikmahnya menurut al-Quran dan sunah

Bibliographic Details
Main Author: Muhd. Najib Abdul Kadir Prof. Madya, Dr (Author)
Format: Book
Language:Malay
Published: Kuala Lumpur : Telaga Biru 2010
Subjects:

MARC

LEADER 00000cam a2200000 7i4500
001 0000028055
005 20180919.0
008 180622 my o may
020 |a 9789675102936 
040 |a INS   |b eng   |e rda 
090 0 0 |a BP187.3   |b M864 2010 
100 0 |a Muhd. Najib Abdul Kadir   |c Prof. Madya, Dr ,   |e author 
245 1 0 |a Rahsia haji :   |b falsafah dan hikmahnya menurut al-Quran dan sunah   |c Muhd. Najib Hj. Abdul Kadir 
264 1 |a Kuala Lumpur :   |b Telaga Biru   |c 2010 
264 4 |c ©2010 
300 |a xix, 289 pages :   |b illustration, black and white photograph ;   |c 21 cm. 
336 |a text  |2 rdacontent 
337 |a unmediated  |2 rdamedia 
338 |a volume  |2 rdacarrier 
500 |a Includes contains from Quran 
500 |a Includes index 
504 |a Includes bibliographical references : pages 283-284 
650 0 |a Muslim pilgrims and pilgrimages   |z Saudi Arabia   |z Mecca 
999 |a 1000003385   |b BOOK   |c Open Shelf   |e Default branch